Manual para el ministerio a los sordos en países de América Latina (Record no. 29333)
[ view plain ]
| 000 -LEADER | |
|---|---|
| campo de control de longitud fija | 00693mm a2200205a 44500 |
| 001 - NÚMERO DE CONTROL | |
| campo de control | NM030026 |
| 003 - IDENTIFICADOR DE NÚMERO DE CONTROL | |
| campo de control | RG CODE MARC |
| 008 - DATOS DE LONGITUD FIJA--INFORMACIÓN GENERAL | |
| campo de control de longitud fija | 55020n ||||||||||||||000 | spa|| |
| 005 - FECHA Y HORA DE LA ÚLTIMA TRANSACCIÓN | |
| campo de control | 20251028183339.0 |
| 040 ## - FUENTE DE CATALOGACIÓN | |
| Centro catalogador/agencia de origen | ORG CODE MARC |
| 100 ## - ENTRADA PRINCIPAL--NOMBRE DE PERSONA | |
| Nombre de persona | Alexander, Dana |
| 9 (RLIN) | 40877 |
| 245 ## - MENCIÓN DEL TÍTULO | |
| Título | Manual para el ministerio a los sordos en países de América Latina |
| Mención de responsabilidad, etc. | Dana Alexander |
| 300 ## - DESCRIPCIÓN FÍSICA | |
| Extensión | viii, 112 p. |
| Otras características físicas | il. ; 22 cm. |
| 500 ## - NOTA GENERAL | |
| Nota general | Duplicación realizada por: Ministerio Integr. y Evang. Sordos e Hipoacústicos |
| 500 ## - NOTA GENERAL | |
| Nota general | Revisión. Originalmente publicado: Greenacres, Wash. : [El autor], 1988 |
| 500 ## - NOTA GENERAL | |
| Nota general | Contiene "Lenguaje de señas" |
| 653 ## - TÉRMINO DE INDIZACIÓN--NO CONTROLADO | |
| Término no controlado | SORDO |
| 653 ## - TÉRMINO DE INDIZACIÓN--NO CONTROLADO | |
| Término no controlado | MISIONES |
| 942 ## - ELEMENTOS DE ENTRADA SECUNDARIOS (KOHA) | |
| Tipo de ítem Koha | Colección General |
| Estatus retirado | Estado de pérdida | Estado de daño | No para préstamo | Biblioteca de origen | Biblioteca actual | Fecha de adquisición | Total de préstamos | Código de barras | Visto por última vez | Precio de reemplazo | Tipo de ítem Koha |
|---|---|---|---|---|---|---|---|---|---|---|---|
| Biblioteca Pluis | Biblioteca Pluis | 28/10/2025 | 046652 | 28/10/2025 | 28/10/2025 | Colección General |
